Tratado de paz, amistad y arbitraje entre la República Dominicana y la República de Haití : (Registro nro. 30088)
[ vista simple ]
| 000 -CABECERA | |
|---|---|
| campo de control de longitud fija | 00535nam a2200145 a 4500 |
| 001 - NÚMERO DE CONTROL | |
| campo de control | 000030596 |
| 005 - FECHA Y HORA DE LA ÚLTIMA TRANSACCIÓN | |
| campo de control | 20200930062411.0 |
| 008 - DATOS DE LONGITUD FIJA--INFORMACIÓN GENERAL | |
| campo de control de longitud fija | 110524s1929 dr 000 0 spa d |
| 040 ## - FUENTE DE LA CATALOGACIÓN | |
| Centro catalogador/agencia de origen | DO-SdBNP |
| Lengua de catalogación | spa |
| Centro/agencia transcriptor | BNPHU |
| 049 ## - FONDOS LOCALES (OCLC) | |
| Fondos de biblioteca | BNPD |
| 245 10 - MENCIÓN DE TÍTULO | |
| Título | Tratado de paz, amistad y arbitraje entre la República Dominicana y la República de Haití : |
| Resto del título | (firmado en la ciudad de Santo Domingo, el día 20 de febrero de 1929). |
| 250 ## - MENCIÓN DE EDICIÓN | |
| Mención de edición | Edición oficial |
| 260 ## - PUBLICACIÓN, DISTRIBUCIÓN, ETC. | |
| Lugar de publicación, distribución, etc. | Santo Domingo : |
| Nombre del editor, distribuidor, etc. | Imprenta J. R. Vda. García, |
| Fecha de publicación, distribución, etc. | 1929. |
| 300 ## - DESCRIPCIÓN FÍSICA | |
| Extensión | 11 p. ; |
| Dimensiones | 26 cm. |
| Estado de retiro | Estado de pérdida | No para préstamo | Código de colección | Localización permanente | Ubicación/localización actual | Ubicación en estantería | Fecha de adquisición | Número de inventario | Total de préstamos | Signatura topográfica completa | Código de barras | Fecha visto por última vez | Precio válido a partir de | Tipo de ítem Koha | Nota pública |
|---|---|---|---|---|---|---|---|---|---|---|---|---|---|---|---|
| Excluido de préstamo | Patrimonio Dominicano | Patrimonio Dominicano | Patrimonio Dominicano | En catalogación | 24.05.2011 | LF1 | 30596-10 | 25.06.2020 | 25.06.2020 | Libro y Folleto Colección Patrimonio Dominicano | Perteneció a la biblioteca personal de Carlos Larrazábal Blanco. |
